000 nam a22 a 4500
999 _c4418
_d4418
005 20170530092133.0
008 170530b2000 my ||||| |||| 00| 0 eng d
040 _aAKMAL
245 1 0 _aSecond Meeting Of The ASEAN Coordinators Of Customs Training Centres (ACCTC)
260 _a[Melaka] :
_b[Royal Customs Academy Malaysia],
_c2000
300 _avarious paging (loose-leaf) ;
_c30 cm
610 1 _aASEAN Coordinators Of Customs
_98588
650 1 0 _aCustoms Administration
_xLaw and legislation
_96000
710 1 0 _aRoyal Malaysian Customs
_97731
942 _2ddc
_cBOOK
950 _lAKMAL